|
|
|
|
| LEADER |
01760cas a2200289 a 4500 |
| 001 |
AALejournalIMF018583 |
| 008 |
230101c9999 xx r poo 0 0eng d |
| 020 |
|
|
|c 20.00 USD
|
| 020 |
|
|
|z 9781484362662
|
| 022 |
|
|
|a 2616-5333
|
| 040 |
|
|
|a BD-DhAAL
|c BD-DhAAL
|
| 100 |
1 |
|
|a Purfield, Catriona.
|
| 240 |
1 |
0 |
|a Opportunity for All: Promoting Growth and Inclusiveness in the Middle East and North Africa.
|l French
|
| 245 |
1 |
0 |
|a Opportunity for All :
|b Promoting Growth and Inclusiveness in the Middle East and North Africa /
|c Catriona Purfield, Harald Finger, Karen Ongley, Benedicte Baduel.
|
| 264 |
|
1 |
|a Washington, D.C. :
|b International Monetary Fund,
|c 2018.
|
| 300 |
|
|
|a 1 online resource (124 pages)
|
| 490 |
1 |
|
|a Departmental Papers
|
| 500 |
|
|
|a <strong>Off-Campus Access:</strong> No User ID or Password Required
|
| 500 |
|
|
|a <strong>On-Campus Access:</strong> No User ID or Password Required
|
| 506 |
|
|
|a Electronic access restricted to authorized BRAC University faculty, staff and students
|
| 520 |
3 |
|
|a This publication brings together a set of IMF papers that prepared as backgrounds for the various sessions of the conference and will help put into broader dissemination channels the results of this important conference. An official IMF publication is well disseminated into academic and institutional libraries and book channels. The IMF metadata will also make the conference papers more discoverable online.
|
| 538 |
|
|
|a Mode of access: Internet
|
| 700 |
1 |
|
|a Baduel, Benedicte.
|
| 700 |
1 |
|
|a Finger, Harald.
|
| 700 |
1 |
|
|a Ongley, Karen.
|
| 830 |
|
0 |
|a Departmental Papers; Departmental Paper ;
|v No. 2018/011
|
| 856 |
4 |
0 |
|z Full text available on IMF
|u http://elibrary.imf.org/view/journals/087/2018/011/087.2018.issue-011-fr.xml
|z IMF e-Library
|